000 00436nam a2200181Ia 4500
001 4112
005 20260306145731.0
008 260306t2004||||xx |||||||||||||| ||spa||
041 _aESP
082 _a306.85
_bH12 Nº 90
100 _aCorominas, Fernando
_eAUT
245 0 _aCómo vivir la liturgia en familia
260 _c2004
300 _a282 páginas :
_c19 cm.
650 _aGEN
654 _aCED
942 _cLIB
_dJUS
_fJUS
_2ddc
_n
999 _c4112
_d4112